000 00307nam a22001337a 4500
008 170912b xxu||||| |||| 00| 0 eng d
020 _a9780030020780
041 _aeng
080 _25TH
_a53
100 _a43
101 _aFIZ
245 _aPRINCIPLES OF INTRUMENTAL ANALYSIS
_cSKOOG,D.A
942 _2udc
_cBK
999 _c27271
_d27271